Világnagyságok Lékó mögött

Elmentve itt :
Bibliográfiai részletek
Szerzők: Süli Róbert
Lékó Péter
Dokumentumtípus: Cikk
Megjelent: 1999-07-21
Sorozat:Délmagyarország 89 No. 168
Kulcsszavak:Lékó Péter, Szeged, Sport sakk Szeged
Online Access:http://dmarchiv.bibl.u-szeged.hu/82722
LEADER 00511nab a2200169 i 4500
001 delm82722
005 20191022150813.0
008 191022s1999 hu o 0|| hun d
040 |a SZTE Délmagyarország Archívum  |b hun 
041 |a hun 
100 1 |a Süli Róbert 
245 1 0 |a Világnagyságok Lékó mögött  |h [elektronikus dokumentum] /  |c  Süli Róbert 
260 |c 1999-07-21 
300 |a 9 
490 0 |a Délmagyarország  |v 89 No. 168 
695 |a Lékó Péter, Szeged, Sport sakk Szeged 
700 0 1 |a Lékó Péter  |e aut